LEADER 01463nam a2200325 a 4500 001 000000130706 003 CaOOAMICUS 005 20121005101355.0 008 121005s2012 it ad u000 u ita r 020 $a978-88-906050-5-5 040 $aPUL$bita 082 04$a520.9 245 00$aAngelo Secchi :$bl'avventura scientifica del Collegio Romano /$cTullio Aebischer ... [et al.] ; a cura di Aldo Altamore e Sabino Maffeo. 260 $aRoma :$bQuasar,$c2012. 300 $a326 p. :$bill., grafici ;$c21 cm 504 $aBibliografia in nota. 600 14$aSecchi, Angelo,$cS.I.,$d1818-1878.$0(OLS)http://pul/subject/39047 610 24$aCollegio romano$xAstronomia.$0(OLS)http://pul/subject/39049 650 4$aAstronomia$xStoria.$0(OLS)http://pul/subject/28945 700 1 $aAebischer, Tullio.$0(OLS)http://pul/name/81948 700 1 $aAltamore, Aldo.$0(OLS)http://pul/name/77979 700 1 $aMaffeo, Sabino,$cS.I.$0(OLS)http://pul/name/83760 850 $aPUL 852 $aPUL$W1$xDP2 Cons. Gen., Altre Classi 3$y97$m520. 9 ALTAL 1$j151126$qDDC 21$B149841$CPULBib$Z2$F149841 $H120914 $82 941 1 $a9 996 $6020$a978-88-906050-5-5$9(OLS)http://pul/number/150745 996 $6082$a520.9$9(OLS)http://pul/classification/415 996 $6245$aAngelo Secchi :$bl'avventura scientifica del Collegio Romano$9(OLS)http://pul/title/165174 996 $6260$aRoma :$bQuasar$9(OLS)http://pul/publisher/49140 LEADER 01178nam a2200289 u 4500 001 000000053933 003 CaOOAMICUS 005 20070226115621.0 008 001124s2000 it u000 u ita u 020 $a8887773548 035 $a10862309 040 $aPUL$bita 100 1 $aSalatiello, Giorgia.$0(OLS)http://pul/name/38373 245 10$aDonna-Uomo :$bricerca sul fondamento /$cGiorgia Salatiello ; prefazione di Carlo Huber. 260 $aNapoli :$bGrafitalica Chirico,$c2000. 300 $a127 p. ;$c20 cm 504 $aBibliografia in nota. 650 4$aDonna.$0(OLS)http://pul/subject/7073 650 4$aUomo (antropologia).$0(OLS)http://pul/subject/11830 700 1 $aHuber, Carlo E.,$cS.I.$0(OLS)http://pul/name/34578 850 $aPUL 852 $aPUL$W1$xDP1 Cons. Gen., Altre Classi 1$y22$m43 C 280$j71081$nBK-PRI$b $qStampati$B71081$CPULBib$Z2$F71081 $H $81 941 1 $a8 961 $aINV: 83357 996 $6020$a8887773548$9(OLS)http://pul/number/67964 996 $6245$aDonna-Uomo :$bricerca sul fondamento$9(OLS)http://pul/title/72340 996 $6260$aNapoli :$bGrafitalica Chirico$9(OLS)http://pul/publisher/68576